| 000 | 00382 a2200169 4500 | ||
|---|---|---|---|
| 001 | 69090 | ||
| 020 | _a9788502049680 | ||
| 040 | _cAnchieta - Itaigara | ||
| 100 | _aAlbergaria, Lino de | ||
| 240 | 1 | 0 |
_aA família invisível _lpor |
| 245 | 1 | 0 | _aA família invisível |
| 300 | _a83 | ||
| 362 | 0 | _a2005 | |
| 440 | 1 | _aSaraiva | |
| 650 | 4 | _aLiteratura infanto-juvenil | |
| 942 | _cBK | ||
| 999 |
_c69090 _d69090 |
||